Cyclisme : Top 20 du Grand Prix E3 2025 - Statistiques

Statistiques générales
  • Ce quiz a été pris 47 fois
  • Le résultat moyen est 13 sur 20
Statistiques - réponses
Position Equipe Coureur % Correct
1er Alpecin Deceuninck Mathieu Van Der Poel
100%
4eme Soudal - Quick Step Casper Pedersen
95%
3eme Ineos Grenadiers Filippo Ganna
95%
2eme Lidl Trek Mads Pedersen
95%
5eme Lidl Trek Jasper Stuyven
89%
6eme Groupama-FDJ Stefan Kung
89%
20eme Visma Lease a Bike Tiesj Benoot
74%
17eme Groupama-FDJ Valentin Madouas
74%
8eme UAE Team Emirates Tim Wellens
66%
15eme Visma Lease a Bike Wout Van Aert
66%
9eme Visma Lease a Bike Matteo Jorgenson
61%
14eme Tudor Matteo Trentin
55%
16eme Alpecin-Deceuninck Gianni Vermeersch
47%
10eme XDS Astana Mike Teunissen
47%
12eme Decathlon AG2R La Mondiale Oliver Naesen
45%
11eme Lidl - Trek Toms Skujins
39%
19eme RedBull - Bora-Hansgrohe Tim Van Dijke
37%
7eme Cofidis Aime De Gendt
34%
18eme UAE Team Emirates Nils Politt
32%
13eme XDS Astana Yevgeniy Fedorov
21%
Aucun quiz correspondant
Distribution des résultats
% des personnes avec chaque résultat
Percentile par nombre de réponses
Votre historique - résultats
Vous n’avez pas pris ce quiz